01021cam a2200253 a 450000500170000000800410001702000150005802000180007304000390009104100080013011000180013824501930015626000580034930000520040750400410045965000330050065000360053365000310056965000390060065000270063970000400066670000290070670000320073520160822105838.0160822s2003 xxuad fr 000 0 spa d a0821356518 a9780821356517 aCo-BoUCMcSaul NiñodSaul Niño1 aspa2 aBanco Mundial13aLa educación terciaria en Colombiabpreparar el terreno para su reformacestudio del Banco Mundial ; traducción Roberto Pizarro Perdomo ; edición Marcela Giraldo y María Elisa Caro aWashington D.C. (Estados Unidos)bBanco Mundialc2003 axxiii, 207 páginasbilustraciones, gráficas aIncluye referencias bibliográficas 7aReforma educativa zColombia 7aPolítica educativa zColombia 0aCambio educativozColombia 7aFormación profesional zColombia 0aPaíses en desarrollo1 aPizarro Perdomo, Robertoetraductor1 aGiraldo, Marcelaeeditor1 aCaro, María Elisaeeditor